| 000 | 01955atm a2200649 4500 | ||
|---|---|---|---|
| 005 | 20241112112129.0 | ||
| 008 | 150728b xxu||||| |||| 00| 0 spa d | ||
| 041 | _aEspañol | ||
| 082 | _a658.3 P838r | ||
| 100 |
_aPorret Gelabert, Miguel _939467 |
||
| 245 | _aRecursos humanos: dirección y gestión de personas en las organizaciones | ||
| 260 |
_aEspaña _bESIC _c2006 |
||
| 300 | _a596 páginas | ||
| 650 | _aRECURSOS HUMANOS | ||
| 650 | _aORGANIZACIONES | ||
| 650 | _aTIPOS DE ORGANIZACIONES | ||
| 650 | _aORGANIZACIÓN Y ENTORNO | ||
| 650 | _aDEPARTAMENTALIZACIÓN | ||
| 650 | _aMOTIVACIÓN | ||
| 650 | _aPROCESO DE MOTIVACIÓN | ||
| 650 | _aGRUPOS FORMALES | ||
| 650 | _aENTREVISTA | ||
| 650 | _aEMPOWERMENT | ||
| 650 | _aLIDERAZGO | ||
| 650 | _aTRABAJO EN EQUIPO | ||
| 650 | _aTEORÍAS DEL LIDERAZGO | ||
| 650 | _aDIRECCIÓN POR VALORES | ||
| 650 | _aRECLUTAMIENTO DE PERSONAL | ||
| 650 | _aSELECCIÓN DE PERSONAL | ||
| 650 | _aENTREVISTAS | ||
| 650 | _aTESTS PSICOLÓGICOS | ||
| 650 | _aSALARIO | ||
| 650 | _aTESTS PSICOTÉCNICOS | ||
| 650 | _aGLOBALIZACIÓN | ||
| 650 | _aFORMACIÓN | ||
| 650 | _aMÉTODOS DE FORMACIÓN | ||
| 650 | _aCOMUNICACIÓN | ||
| 650 | _aCOMPONENTES DEL PROCESO DE LA COMUNICACIÓN | ||
| 650 | _aVALORACIÓN DE PUESTOS DE TRABAJO | ||
| 650 | _aVALORACIÓN DEL PERSONAL | ||
| 650 | _aVALORACIÓN DE PUESTOS DE TRABAJO | ||
| 650 | _aFLEXIBILIDAD DE LA JORNADA LABORAL | ||
| 650 | _aPOLÍTICA SALARIAL | ||
| 650 | _aPOTENCIAL HUMANO | ||
| 650 | _aSALUD OCUPACIONAL | ||
| 650 | _aGESTIÓN POR COMPETENCIAS | ||
| 650 | _aGESTIÓN DEL CONOCIMIENTO | ||
| 650 | _aCULTURA CORPORATIVA | ||
| 650 | _aCOMPETITIVIDAD | ||
| 650 | _aCOMPORTAMIENTO ORGANIZACIONAL | ||
| 650 | _aMANEJO DE CONFLICTOS | ||
| 650 | _aSEGURIDAD LABORAL | ||
| 650 | _aCONFLICTO ORGANIZACIONAL | ||
| 650 | _aMARKETING | ||
| 650 | _aRESPONSABILIDAD EMPRESARIAL | ||
| 942 |
_cBK _2ddc |
||
| 999 |
_c6845 _d6845 |
||